000 00600nam a2200181Ia 4500
008 151018s9999 xx 000 0 und d
082 _bRBASDV17546
_a891.463
100 _aकुसुम अभ्यंकर
245 _aमी हरले ती जिंकली
250 _b2
260 _bशशिदीप
_c1979
300 _a174
600 _aकुसुम अभ्यंकर
630 _aमी हरले ती जिंकली
700 _aकुसुम अभ्यंकर
730 _aमी हरले ती जिंकली
942 _cBOOK
999 _c1018224
_d1018221